चुनी हुई कहानियां / (Record no. 169143)
| 000 -LEADER | |
|---|---|
| fixed length control field | 00755nam a2200217Ia 4500 |
| 003 - CONTROL NUMBER IDENTIFIER | |
| control field | LDD |
| 005 - DATE AND TIME OF LATEST TRANSACTION | |
| control field | 20240104094127.0 |
| 008 - FIXED-LENGTH DATA ELEMENTS--GENERAL INFORMATION | |
| fixed length control field | 190117s9999 xx 000 0 und d |
| 020 ## - INTERNATIONAL STANDARD BOOK NUMBER | |
| International Standard Book Number | 9788190570213 |
| Terms of availability | ₹250 |
| 040 ## - CATALOGING SOURCE | |
| Transcribing agency | LDD |
| 041 ## - LANGUAGE CODE | |
| Language code of text/sound track or separate title | hi |
| 082 ## - DEWEY DECIMAL CLASSIFICATION NUMBER | |
| Classification number | 8H3.7 लॉ6406चु |
| 100 ## - MAIN ENTRY--PERSONAL NAME | |
| Personal name | लॉरेंस, डी. एच. |
| 9 (RLIN) | 19107 |
| 245 #0 - TITLE STATEMENT | |
| Title | चुनी हुई कहानियां / |
| Statement of responsibility, etc. | डी. एच. लॉरेंस (D.H. Larence) |
| 246 ## - VARYING FORM OF TITLE | |
| Title proper/short title | Chunee Hui Kahaniya |
| 260 ## - PUBLICATION, DISTRIBUTION, ETC. | |
| Place of publication, distribution, etc. | नोयडा (यू.पी.) |
| Name of publisher, distributor, etc. | कैल्विन पब्लिशिंग |
| Date of publication, distribution, etc. | 2009 |
| 300 ## - PHYSICAL DESCRIPTION | |
| Extent | 199पृ. |
| 901 ## - LOCAL DATA ELEMENT A, LDA (RLIN) | |
| a | HBC |
| 904 ## - LOCAL DATA ELEMENT D, LDD (RLIN) | |
| a | Reqst by : J.M. Parekh |
| 942 ## - ADDED ENTRY ELEMENTS (KOHA) | |
| Source of classification or shelving scheme | Dewey Decimal Classification |
| Koha item type | Hindi Books |
| Withdrawn status | Lost status | Source of classification or shelving scheme | Damaged status | Not for loan | Home library | Current library | Date acquired | Total Checkouts | Full call number | Barcode | Date last seen | Date last checked out | Cost, replacement price | Price effective from | Koha item type |
|---|---|---|---|---|---|---|---|---|---|---|---|---|---|---|---|
| No | Dewey Decimal Classification | Library and Documentation Division | Library and Documentation Division | 01/17/2019 | 1 | 8H3.7 लॉ6406चु | H013359 | 01/04/2024 | 12/11/2023 | 250.00 | 01/17/2019 | Hindi Books |
